[Event "Llinars del Valles op-A 5th"]
[Site "Llinars del Valles"]
[Date "2011.06.04"]
[Round "6"]
[White "Sanchez Canales, Pol"]
[Black "Martin Perez, Laura"]
[Result "1/2-1/2"]
[WhiteElo "1746"]
[BlackElo "1856"]
[PlyCount "124"]
[EventDate "2011.04.30"]
[EventType "swiss"]
[EventRounds "7"]
[EventCountry "ESP"]
[SourceTitle "EXT 2012"]
[Source "ChessBase"]
[SourceDate "2011.11.24"]
[SourceVersion "1"]
[SourceVersionDate "2011.11.24"]
[SourceQuality "1"]

1. e4 g6 2. d4 Bg7 3. Be3 d6 4. Nf3 a6 5. Nc3 Nf6 6. h3 0-0 7. Be2 Nc6 8. 0-0 e5 9. dxe5 dxe5 10. Qxd8 Rxd8 11. Rad1 Be6 12. Rxd8+ Rxd8 13. Rd1 Rxd1+ 14. Bxd1 h6 15. a3 Ne8 16. Nd2 Nd6 17. f3 Na5 18. Be2 Nac4 19. Nxc4 Nxc4 20. Bxc4 Bxc4 21. b3 Be6 22. Bc5 f5 23. Be7 Kf7 24. Bd8 c6 25. Bb6 Bf8 26. b4 h5 27. Bc7 c5 28. b5 c4 29. bxa6 bxa6 30. a4 Bc5+ 31. Kf1 Bd4 32. Ne2 Bd7 33. c3 Bc5 34. exf5 gxf5 35. a5 Ke6 36. Ke1 Bc6 37. Kf1 Be3 38. f4 e4 39. Be5 Bd7 40. Nd4+ Kd5 41. Nc2 Bc5 42. Ke2 Ba4 43. Ne3+ Bxe3 44. Kxe3 Bc2 45. g3 Bd3 46. h4 Bc2 47. Bc7 Ba4 48. Bb6 Bd7 49. Bd8 Be8 50. Be7 Bf7 51. Bb4 Kc6 52. Kd4 Kb5 53. Ke3 Ka4 54. Kd4 Kb3 55. Ke3 Kc2 56. Ke2 Kc1 57. Bc5 Kc2 58. Bd4 Be8 59. Be5 Ba4 60. Bd4 Kc1 61. Be3+ Kb2 62. Kd2 Be8 1/2-1/2

[Event "Llinars del Valles op-B 4th"]
[Site "Llinars del Valles"]
[Date "2010.05.01"]
[Round "4"]
[White "Sanchez Canales, Pol"]
[Black "Delgado Prada, Benjamin"]
[Result "1/2-1/2"]
[WhiteElo "1602"]
[BlackElo "1750"]
[PlyCount "101"]
[EventDate "2010.04.10"]
[EventType "swiss"]
[EventRounds "7"]
[EventCountry "ESP"]
[SourceTitle "EXT 2012"]
[Source "ChessBase"]
[SourceDate "2011.11.24"]
[SourceVersion "1"]
[SourceVersionDate "2011.11.24"]
[SourceQuality "1"]

1. e4 e6 2. d4 d5 3. Nd2 Nf6 4. e5 Nfd7 5. c3 c5 6. Bd3 Nc6 7. Ne2 cxd4 8. cxd4 Qb6 9. Nf3 f6 10. exf6 Nxf6 11. 0-0 Bd6 12. b3 0-0 13. Bf4 Ba3 14. Re1 Nb4 15. Bb1 Bb2 16. Bxh7+ Nxh7 17. Rb1 Ba3 18. Be5 Nc6 19. h3 Bd7 20. b4 Qd8 21. Bd6 a5 22. Bxf8 Qxf8 23. bxa5 Nxa5 24. Ne5 Bc6 25. Ng6 Qd6 26. Nef4 Re8 27. Qg4 Bd7 28. Ne5 Nf6 29. Qh4 Nh7 30. Qh5 Rf8 31. Nxd7 Rxf4 32. Qe8+ Nf8 33. Nxf8 Rxf8 34. Qxe6+ Qxe6 35. Rxe6 Rb8 36. Rb5 Nc4 37. Kf1 Kf7 38. Re1 Nd2+ 39. Ke2 Ne4 40. Rb3 Be7 41. Reb1 Nd6 42. a4 Bd8 43. f3 Ba5 44. g4 b6 45. Rc1 Nc4 46. h4 Kg6 47. h5+ Kf6 48. Rg1 Bd2 49. Rd3 Bf4 50. Rb1 Re8+ 51. Kf2 1/2-1/2

[Event "Catalunya-ch U14"]
[Site "Sabadell"]
[Date "2010.02.20"]
[Round "5"]
[White "Sanchez Canales, Pol"]
[Black "Pozanco Romasanta, Marc"]
[Result "0-1"]
[WhiteElo "1876"]
[BlackElo "2032"]
[PlyCount "70"]
[EventDate "2010.01.16"]
[EventType "swiss"]
[EventRounds "6"]
[EventCountry "ESP"]
[SourceTitle "EXT 2024"]
[Source "ChessBase"]
[SourceDate "2023.10.10"]
[SourceVersion "1"]
[SourceVersionDate "2023.10.10"]
[SourceQuality "1"]

1. e4 b6 2. d4 Bb7 3. Nc3 g6 4. Be3 Bg7 5. Nf3 h6 6. Bd3 e6 7. 0-0 Ne7 8. Re1 d6 9. Qd2 Nd7 10. Rab1 g5 11. b4 g4 12. Nh4 Nc6 13. g3 Nxd4 14. Bxd4 Bxd4 15. Be2 Bxc3 16. Qxc3 Rg8 17. Qe3 Qg5 18. Bd3 Qxe3 19. Rxe3 Ne5 20. Ng2 Nf3+ 21. Kh1 Rg5 22. Ne1 Nxe1 23. Rbxe1 0-0-0 24. f3 gxf3 25. Rxf3 f5 26. Rf4 e5 27. Rh4 fxe4 28. Bxe4 Bxe4+ 29. Rexe4 h5 30. b5 Rf8 31. Rc4 Rf2 32. Rc3 e4 33. Rxe4 Rxb5 34. Kg1 Rd2 35. g4 Rb1+ 0-1